| 000 | 00849nam a22002297a 4500 | ||
|---|---|---|---|
| 005 | 20240530110630.0 | ||
| 008 | 161129s2015 ua ah g b 000 0 ara d | ||
| 017 |
_a2014/17969 _bمصر. دار الكتب |
||
| 020 | _a9789774279287 | ||
| 040 |
_aEG-CaGPL _cEG-CaGPL |
||
| 082 | 0 | 4 |
_221 _a111.85\ _bس م |
| 100 | 0 | _aسعيد توفيق | |
| 245 | 1 | 0 |
_aمعنى الجميل فى الفن : _bمداخل الى موضوع علم الجمال / _cسعيد توفيق |
| 250 | _aط.1. | ||
| 260 |
_aالقاهرة : _bالدار المصرية اللبنانية ، _c2015. |
||
| 300 |
_a119 ص. : _bايض ؛ _c24 سم. |
||
| 504 | _aيشتمل على ارجاعات ببليوجرافية | ||
| 650 | 0 | 7 |
_2qrmak _aالجمال _xعلم |
| 650 | 0 | 7 |
_2qrmak _aالجمال _xفن |
| 942 |
_2ddc _cBK |
||
| 999 |
_c63235 _d63235 |
||